000 01641nam0a2200337 4500
001 RU\NLR\BIBL_A\011396473
005 20170613100141.0
010 _a978-5-389-08809-2
_95000
021 _aRU
_b2017-32926
_92418
035 _a(NLR Aleph) 011396473
035 _a(RuMoRGB)008868587
090 _a11482039
_c11482039
100 _a20170531d2017 d y0rusy50 ca
101 1 _arus
_cdan
102 _aRU
105 _aa zzzz0|||0ay
200 1 _aЗолотые сказки
_e[для среднего школьного возраста]
_fХанс Кристиан Андерсен
_gхудожник А. Д. Рейпольский
_g[перевод с датского Анны Ганзен]
210 _aСанкт-Петербург
_cАзбука
_cАзбука-Аттикус
_d2017
215 _a177, [2] с.
_cцв. ил.
_d31
327 1 _aСодерж.: Дюймовочка; Принцесса на горошине; Новый наряд короля; Стойкий оловянный солдатик; Дикие лебеди; Гадкий утёнок; Огниво; Русалочка; Оле-Лукойе; Свинопас; Снежная королева
333 _a6+
686 _aШ9(2)70(4Д)
_2rubbk
686 0 _aШ9(4Д)62-4
700 1 _aАндерсен
_bХ. К.
_f1805-1875
_gХанс Кристиан
_3RU\NLR\AUTH\772165
702 1 _aРейпольский
_bА. Д.
_f1945-
_gАлексей Дмитриевич
_3RU\NLR\AUTH\770127729
_4040
942 _cBOOK
980 _aNBR
980 _aNB